| 000 | 00864nam a2200253Ia 4500 | ||
|---|---|---|---|
| 003 | OSt | ||
| 005 | 20220923224609.0 | ||
| 006 | a|||||r|||| 00| 0 | ||
| 007 | ta | ||
| 008 | 220922b |||||||| |||| 00| 0 hin d | ||
| 020 | _c400 | ||
| 024 | _a245,265 | ||
| 037 |
_b388, 11/02/2011, Swaraj Prakashan _cTextual |
||
| 040 |
_aARTS _cARTS _bhin |
||
| 041 |
_2hin _ahin |
||
| 082 | _aO152,2:g(NT), P8 | ||
| 100 |
_aदेवेन्द्र राज अंकुर _9159191 |
||
| 245 | 0 | _aपढ़ते सुनते देखते | |
| 246 | _aPaढ़te sunate dekhate | ||
| 260 |
_aनयी दिल्ली _b राजकमल _c2008 |
||
| 300 |
_a308पृ. _ccm. |
||
| 942 |
_hO152,2:g(NT), P8 _cTEXL _2CC |
||
| 999 |
_c372408 _d372408 |
||